000 00380 a2200145 4500
005 20250628163255.0
020 _a0205139361
082 _a658.5 LAT
100 _aLATONA,C.J.
245 _aCases and Readings in Production and Operations Management
260 _aLondon
_bAllyn and Bacon Inc,
_c1994
300 _axix,263p.
_bIndex
_c27cm.
700 _aNATHAN,J.
942 _2ddc
_cBKS
999 _c6114
_d6114